[Event "Sentjur SLO, Boys U10 2005"]
[Site "?"]
[Date "2005.02.27"]
[Round "2"]
[White "Gomboc Adrian"]
[Black "Ledinek Klemen"]
[Result "1-0"]
[WhiteElo "1525"]
[BlackElo "1500"]
[PlyCount "85"]
[EventDate "2005.??.??"]
[Source "www.chesslib.no"]
[SourceDate "2004.05.04"]

1. e4 e5 2. Nf3 Nc6 3. Bc4 Nf6 4. Ng5 Qe7 5. Nxf7 Rg8 6. Qf3 Qc5 7. Nd6+ Qxd6 8. Bxg8 Nxg8 9. c3 b5 10. O-O b4 11. Qh5+ g6 12. Qxh7 Nge7 13. Qh3 Ba6 14. Re1 O-O-O 15. Re3 g5 16. d3 Bh6 17. Rg3 g4 18. Qxh6 Qxh6 19. Bxh6 Rh8 20. Bg5 Rg8 21. Bxe7 Nxe7 22. cxb4 d5 23. Nd2 d4 24. f3 Bxd3 25. Rxg4 Rxg4 26. fxg4 Ng6 27. g3 Be2 28. h3 d3 29. Kf2 Kd7 30. Re1 Kd6 31. Rxe2 dxe2 32. Kxe2 a6 33. h4 c5 34. h5 Nf8 35. bxc5+ Kxc5 36. Kd3 Kd6 37. Kc4 Kc6 38. Nf3 Kd6 39. Ng5 Ke7 40. h6 Kf6 41. h7 Ng6 42. Nf3 Kg7 43. Kd5 1-0

[Event "Sentjur SLO, Girls U12 2005"]
[Site "?"]
[Date "2005.03.01"]
[Round "5"]
[White "Cerne Nicole Yvett"]
[Black "Kolbl Teja"]
[Result "1/2-1/2"]
[WhiteElo "1513"]
[BlackElo "1500"]
[PlyCount "66"]
[EventDate "2005.??.??"]
[Source "www.chesslib.no"]
[SourceDate "2004.05.04"]

1. e4 e5 2. Nf3 Nc6 3. Bc4 Nf6 4. Ng5 Qe7 5. Bxf7+ Kd8 6. Bc4 Ke8 7. d3 d6 8. h3 h6 9. Nf3 g5 10. g4 Be6 11. Bxe6 Qxe6 12. Nc3 Bg7 13. b3 d5 14. Bb2 d4 15. Nb5 Qd7 16. Qd2 b6 17. O-O-O a6 18. Na3 Bf8 19. Nc4 Bd6 20. Nxd6+ Qxd6 21. Kb1 a5 22. a4 Rf8 23. Rhg1 Nxe4 24. dxe4 Rxf3 25. Rg3 Rxg3 26. fxg3 Nb4 27. Ba3 c5 28. Kc1 Rc8 29. c3 Nc6 30. Rf1 Rd8 31. Rd1 Ke7 32. c4 Nb4 33. Bxb4 axb4 1/2-1/2

[Event "XIV Open HIT 2009 - B"]
[Site "Nova Gorica SLO"]
[Date "2009.02.01"]
[Round "3"]
[White "Markocic, Tine"]
[Black "Leban, Andrej"]
[Result "1-0"]
[WhiteElo "1500"]
[BlackElo "1500"]
[PlyCount "106"]
[EventDate "2009.01.31"]
[Source "www.chesslib.no"]
[SourceDate "2004.05.04"]

1. e4 e5 2. Nf3 Nc6 3. Bc4 Nf6 4. Ng5 d5 5. exd5 Nxd5 6. Bxd5 Qxd5 7. O-O Bd6 8. d3 b6 9. Nc3 Qa5 10. Qf3 Be6 11. Qxc6+ Ke7 12. Nxe6 fxe6 13. Bg5+ Kf7 14. Qd7+ Kg6 15. Ne4 Qd5 16. h4 Rac8 17. Nxd6 Qxd6 18. Qxd6 cxd6 19. Rac1 Rc7 20. Rfe1 Rhc8 21. Re2 a5 22. a4 Kf5 23. b3 d5 24. c4 e4 25. dxe4+ dxe4 26. Rd2 h6 27. Bd8 Rb7 28. f3 exf3 29. gxf3 e5 30. c5 bxc5 31. Bxa5 Rxb3 32. Kf2 Kf4 33. Rc3 Rcb8 34. Rxb3 Rxb3 35. Rc2 Rxf3+ 36. Ke1 Ra3 37. Rc4+ Kf5 38. Bb6 Re3+ 39. Kd2 Re4 40. Rxe4 Kxe4 41. a5 Kd5 42. a6 Kc6 43. Bxc5 Kc7 44. Ke3 g5 45. hxg5 hxg5 46. Kf3 e4+ 47. Kg4 e3 48. Bxe3 Kb8 49. a7+ Kb7 50. Kxg5 Ka8 51. Kf5 Kb7 52. Ke5 Ka8 53. Kd6 Kb7 1-0

[Event "POR-ch U14"]
[Site "Armacao de Pera"]
[Date "2001.04.07"]
[Round "1.5"]
[White "Rodrigues, Joao"]
[Black "Feijao, Rodrigo"]
[Result "1-0"]
[WhiteElo "1615"]
[BlackElo "1380"]
[PlyCount "78"]
[EventDate "2001.04.07"]
[Source "www.chesslib.no"]
[SourceDate "2004.05.04"]

1. e4 e5 2. Nf3 Nc6 3. Bc4 Nf6 4. Ng5 d5 5. exd5 Nb4 6. Nc3 Bc5 7. Qf3 Nxc2+ 8. Kd1 Bg4 9. Qxg4 Nxg4 10. Kxc2 Bxf2 11. d3 h6 12. Nf3 O-O 13. Rf1 Be3 14. h3 Bxc1 15. Raxc1 Ne3+ 16. Kb1 Nxf1 17. Rxf1 Qf6 18. Ne4 Qf4 19. g3 Qe3 20. Rf2 b5 21. Bxb5 Qb6 22. Bc4 Rab8 23. b3 Qb4 24. Kb2 a5 25. Nc3 Qc5 26. Ne4 Qb6 27. a4 f5 28. d6+ Kh8 29. dxc7 Rbc8 30. Nxe5 Qd4+ 31. Kc2 Qxe5 32. Nc3 Qxg3 33. Re2 Rxc7 34. Nd5 Qf3 35. Kd2 Rcc8 36. Ne7 Rfe8 37. Bb5 Rc2+ 38. Kxc2 Qxe2+ 39. Kc3 Rxe7 1-0

[Event "Corr"]
[Site "?"]
[Date "2001.04.01"]
[Round "?"]
[White "Bopp Thomas"]
[Black "Anderson Michael"]
[Result "1/2-1/2"]
[WhiteElo "1375"]
[BlackElo "1563"]
[PlyCount "54"]
[EventDate "2001.??.??"]
[Source "www.chesslib.no"]
[SourceDate "2004.05.04"]

1. Nf3 Nc6 2. e4 e5 3. Bc4 Nf6 4. Ng5 d5 5. exd5 Nxd5 6. Qh5 g6 7. Qd1 f6 8. Ne4 Be6 9. Bb5 f5 10. Bxc6+ bxc6 11. Nec3 Bg7 12. O-O O-O 13. d3 Rb8 14. Re1 Qd6 15. Na4 Rfd8 16. Bg5 Rd7 17. Qe2 h6 18. Bd2 Bf7 19. Nbc3 Re8 20. a3 e4 21. dxe4 Nxc3 22. Bxc3 Rxe4 23. Qa6 Bxc3 24. Nxc3 Rxe1+ 25. Rxe1 Re7 26. Qf1 Rxe1 27. Qxe1 Qe6 1/2-1/2

[Event "Corr"]
[Site "?"]
[Date "1999.09.13"]
[Round "?"]
[White "Brown Dan"]
[Black "Assarsjo Ingemar"]
[Result "0-1"]
[WhiteElo "1469"]
[BlackElo "1467"]
[PlyCount "42"]
[EventDate "1999.??.??"]
[Source "www.chesslib.no"]
[SourceDate "2004.05.04"]

1. e4 e5 2. Bc4 Nf6 3. Nf3 Nc6 4. Ng5 d5 5. Bb3 Nxe4 6. Nf3 Bc5 7. Qe2 O-O 8. d3 Nxf2 9. Rf1 Ng4 10. Bg5 f6 11. Bd2 f5 12. Bg5 Qd6 13. c3 Bd7 14. d4 exd4 15. cxd4 Rae8 16. Bxd5+ Qxd5 17. Nc3 Rxe2+ 18. Kxe2 Nxd4+ 19. Ke1 Nc2+ 20. Ke2 Re8+ 21. Be3 Rxe3# 0-1

[Event "XIII Festival Scacchistico - Open B"]
[Site "Cutro ITA"]
[Date "2007.04.23"]
[Round "1"]
[White "Olivo, Gaetano"]
[Black "Sansosti, Simona"]
[Result "1/2-1/2"]
[WhiteElo "1571"]
[BlackElo "1362"]
[PlyCount "32"]
[EventDate "2007.04.23"]
[Source "www.chesslib.no"]
[SourceDate "2004.05.04"]

1. e4 e5 2. Nf3 Nf6 3. Bc4 Nc6 4. Ng5 d5 5. exd5 Nxd5 6. d3 Be7 7. Ne4 O-O 8. a3 Be6 9. Bd2 Nd4 10. c3 Nc6 11. Qf3 a6 12. b4 b5 13. Ba2 Qd7 14. h3 Rad8 15. Qg3 Nf6 16. Bxe6 Qxe6 1/2-1/2

[Event "Corr"]
[Site "?"]
[Date "2000.06.27"]
[Round "?"]
[White "MacDonald Jim"]
[Black "Thompson Junior"]
[Result "1-0"]
[WhiteElo "1451"]
[BlackElo "1479"]
[PlyCount "47"]
[EventDate "2000.??.??"]
[Source "www.chesslib.no"]
[SourceDate "2004.05.04"]

1. e4 e5 2. Nf3 Nc6 3. Bc4 Nf6 4. Ng5 Qe7 5. Bxf7+ Kd8 6. Bb3 Nxe4 7. Nxe4 d5 8. Bxd5 Bf5 9. d3 Bxe4 10. Bxe4 Nd4 11. c3 Ne6 12. Bxb7 Rb8 13. Be4 Nc5 14. b4 Ne6 15. Qh5 g5 16. Be3 Ng7 17. Qg4 h5 18. Qxg5 Qxg5 19. Bxg5+ Be7 20. Bxe7+ Kxe7 21. Nd2 Ne6 22. Nc4 Nf4 23. Nxe5 c5 24. Nc6+ 1-0

[Event "Porto San Giorgio"]
[Site "?"]
[Date "2006.08.21"]
[Round "1"]
[White "Brandimarti Luca"]
[Black "Sagripanti Michele"]
[Result "1-0"]
[WhiteElo "1446"]
[BlackElo "1440"]
[PlyCount "121"]
[EventDate "2006.??.??"]
[Source "www.chesslib.no"]
[SourceDate "2004.05.04"]

1. e4 e5 2. Nf3 Nc6 3. Bc4 Nf6 4. Ng5 d5 5. exd5 Nxd5 6. Qh5 g6 7. Qf3 Be6 8. Nxe6 fxe6 9. Nc3 Nd4 10. Qd1 c6 11. a3 Qg5 12. O-O Qh5 13. Ne2 Bd6 14. Nxd4 Qxd1 15. Rxd1 exd4 16. d3 Kd7 17. Bg5 b5 18. Ba2 a5 19. Bxd5 cxd5 20. Bf6 Rhf8 21. Bxd4 Rf4 22. Be3 Ra4 23. c3 h5 24. Bc1 Rc8 25. b3 Rf4 26. Bxf4 Bxf4 27. c4 Rb8 28. g3 Bh6 29. f4 g5 30. fxg5 Bxg5 31. cxd5 exd5 32. d4 Rc8 33. Rd3 Rc2 34. a4 b4 35. Rf1 Rc3 36. Rdf3 Bf6 37. Rxc3 bxc3 38. Rxf6 c2 39. Rf1 Ke6 40. Rc1 Kf5 41. Rxc2 Ke4 42. Rc5 Kxd4 43. Rxa5 Ke4 44. Kf2 d4 45. Ke1 Ke3 46. Rxh5 Kd3 47. g4 Kc2 48. Rd5 d3 49. g5 d2+ 50. Rxd2+ Kxb3 51. a5 Kc4 52. a6 Kc3 53. a7 Kc4 54. a8=R Kc3 55. Rc8+ Kb3 56. Rd7 Kb4 57. h4 Kb5 58. Rb7+ Ka6 59. Rb1 Ka7 60. Rc2 Ka6 61. Ra2# 1-0

[Event "FRA, Nationale II 2004/2005"]
[Site "?"]
[Date "2004.12.05"]
[Round "4.9"]
[White "Louis Thibault"]
[Black "Larroque Jade"]
[Result "1-0"]
[WhiteElo "1570"]
[BlackElo "1299"]
[PlyCount "51"]
[EventDate "2004.??.??"]
[Source "www.chesslib.no"]
[SourceDate "2004.05.04"]

1. e4 e5 2. Nf3 Nc6 3. Bc4 Nf6 4. Ng5 Be7 5. Nxf7 O-O 6. Nxd8+ Kh8 7. Nf7+ Rxf7 8. Bxf7 Nxe4 9. Qf3 d5 10. Bxd5 Be6 11. Bxc6 bxc6 12. Qxe4 Bg8 13. Qxe5 Bf6 14. Qxc7 Bf7 15. Qxf7 Rg8 16. d3 Bg5 17. Bxg5 h6 18. Qh5 Re8+ 19. Qxe8+ Kh7 20. Qh5 c5 21. Kd2 g6 22. Qxh6+ Kg8 23. Bf6 Kf7 24. Qg7+ Ke6 25. Re1+ Kd5 26. Qd7# 1-0

[Event "Duisburg"]
[Site "?"]
[Date "2005.02.25"]
[Round "5.15"]
[White "Angermann Immo Frank"]
[Black "Pak Aleksander"]
[Result "1-0"]
[WhiteElo "1643"]
[BlackElo "1218"]
[PlyCount "53"]
[EventDate "2005.??.??"]
[Source "www.chesslib.no"]
[SourceDate "2004.05.04"]

1. e4 e5 2. Nf3 Nc6 3. Bc4 Nf6 4. Ng5 d5 5. exd5 Nxd5 6. Qf3 Be6 7. Nxe6 fxe6 8. O-O Qd7 9. Nc3 Ndb4 10. Bb3 O-O-O 11. Qg4 Re8 12. a3 Na6 13. d3 Bc5 14. Ne4 Bb6 15. Be3 Nd4 16. Bxd4 exd4 17. Ng5 Nc5 18. Bc4 h6 19. Ne4 Qf7 20. Nxc5 Bxc5 21. b4 Bb6 22. Rae1 h5 23. Bxe6+ Rxe6 24. Qxe6+ Qxe6 25. Rxe6 Kd7 26. Rfe1 Rh6 27. Re7+ 1-0

[Event "FRA-ch U10 Girls"]
[Site "?"]
[Date "2002.??.??"]
[Round "8.2"]
[White "Mallet Berenice"]
[Black "Bismuth Sarah"]
[Result "0-1"]
[WhiteElo "1510"]
[BlackElo "1330"]
[PlyCount "88"]
[EventDate "2002.??.??"]
[Source "www.chesslib.no"]
[SourceDate "2004.05.04"]

1. e4 e5 2. Bc4 Nc6 3. Nf3 Nf6 4. Ng5 d5 5. exd5 Nxd5 6. Nxf7 Kxf7 7. Qf3+ Ke8 8. Bxd5 Qf6 9. Qxf6 gxf6 10. Bxc6+ bxc6 11. Nc3 Bf5 12. d3 Bd6 13. Be3 Rg8 14. Rg1 Bh3 15. g3 f5 16. O-O-O Kd7 17. Rde1 Rge8 18. Bg5 Re6 19. f3 Bc5 20. Be3 Bb4 21. Re2 Bxc3 22. bxc3 f4 23. Bc5 Rb8 24. Rd1 Ke8 25. gxf4 Rb5 26. Bb4 c5 27. Ba3 Ra5 28. Bb2 Rxa2 29. fxe5 Rb6 30. Rg1 Rbxb2 31. Rg7 Bf5 32. e6 Bxd3 33. Reg2 Rxc2+ 34. Rxc2 Rxc2+ 35. Kd1 Re2 36. Rxh7 Rxe6 37. Kd2 Bxh7 38. c4 a5 39. Kc3 Rb6 40. Kd2 a4 41. Ke3 a3 42. Kf4 a2 43. Ke5 a1=Q+ 44. Kd5 Qd4# 0-1

[Event "Fermi-Dragons"]
[Site "?"]
[Date "2000.12.12"]
[Round "?"]
[White "Cease, H."]
[Black "Eustace, D."]
[Result "0-1"]
[WhiteElo "1186"]
[BlackElo "1630"]
[PlyCount "58"]
[EventDate "2000.??.??"]
[Source "www.chesslib.no"]
[SourceDate "2004.05.04"]

1. e4 e5 2. Nf3 Nc6 3. Bc4 Nf6 4. Ng5 d5 5. exd5 Nxd5 6. d3 Be7 7. Nxf7 Kxf7 8. Qf3+ Ke6 9. O-O Nd4 10. Qd1 Rf8 11. Nc3 c6 12. Ne4 b5 13. Qg4+ Kf7 14. Qh5+ Kg8 15. Bxd5+ Qxd5 16. Ng5 Bxg5 17. Bxg5 Nxc2 18. Rab1 Qxd3 19. Rbd1 Qg6 20. Qh4 Nd4 21. Rfe1 Rf5 22. Be3 Nf3+ 23. Kf1 Nxh4 24. Rd8+ Kf7 25. Bc5 Kf6 26. Rf8+ Kg5 27. Be7+ Kh5 28. Bxh4 Rxf8 29. Re4 Qxe4 0-1

[Event "Porto San Giorgio"]
[Site "?"]
[Date "2006.08.22"]
[Round "2"]
[White "Altini Ruggero"]
[Black "Tommasi Fabio"]
[Result "1-0"]
[WhiteElo "1341"]
[BlackElo "1440"]
[PlyCount "29"]
[EventDate "2006.??.??"]
[Source "www.chesslib.no"]
[SourceDate "2004.05.04"]

1. e4 e5 2. Nf3 Nc6 3. Bc4 Nf6 4. Ng5 Qe7 5. Bxf7+ Kd8 6. Bb3 d6 7. Nf7+ Ke8 8. Nxh8 Bg4 9. f3 Be6 10. c3 d5 11. O-O dxe4 12. Bxe6 Qxe6 13. fxe4 Nxe4 14. Qh5+ Kd8 15. Rxf8+ 1-0

[Event "Corr"]
[Site "?"]
[Date "2003.10.03"]
[Round "?"]
[White "Garcia Mat"]
[Black "Jensen Jeff"]
[Result "0-1"]
[WhiteElo "1318"]
[BlackElo "1448"]
[PlyCount "24"]
[EventDate "2003.??.??"]
[Source "www.chesslib.no"]
[SourceDate "2004.05.04"]

1. e4 e5 2. Nf3 Nc6 3. Bc4 Nf6 4. Ng5 d5 5. exd5 Nxd5 6. Qf3 Qxg5 7. Bxd5 Nd4 8. Qxf7+ Kd8 9. O-O c6 10. Be4 Be7 11. f4 exf4 12. c3 Be6 0-1

[Event "Euro Chess Tournament"]
[Site "?"]
[Date "2005.08.11"]
[Round "6"]
[White "Kedar Tomer"]
[Black "Anrooij Eva van"]
[Result "1-0"]
[WhiteElo "1553"]
[BlackElo "1212"]
[PlyCount "49"]
[EventDate "2005.??.??"]
[Source "www.chesslib.no"]
[SourceDate "2004.05.04"]

1. e4 e5 2. Nf3 Nc6 3. Bc4 Nf6 4. Ng5 d5 5. exd5 Nxd5 6. Qh5 g6 7. Qf3 Qxg5 8. Bxd5 Bf5 9. Bxc6+ bxc6 10. Qxc6+ Ke7 11. Qxa8 Bxc2 12. Nc3 Qf5 13. Qxa7 Kd8 14. Qa8+ Kd7 15. Qd5+ Bd6 16. d4 c6 17. Qa5 Qe6 18. d5 Qg4 19. dxc6+ Kxc6 20. Qd5+ Kd7 21. Qxf7+ Kc6 22. Qd5+ Kd7 23. Nb5 Rd8 24. Qxd6+ Kc8 25. Qc7# 1-0

[Event "Corr"]
[Site "?"]
[Date "2000.10.01"]
[Round "?"]
[White "De Giorgis Giorgio"]
[Black "Hawkins Jonathan J"]
[Result "0-1"]
[WhiteElo "1959"]
[BlackElo "800"]
[PlyCount "29"]
[EventDate "2000.??.??"]
[Source "www.chesslib.no"]
[SourceDate "2004.05.04"]

1. e4 Nc6 2. Nf3 e5 3. Bc4 Nf6 4. Ng5 Qe7 5. Bxf7+ Kd8 6. Bc4 Qc5 7. d3 Ke7 8. Be3 Qb4+ 9. Nc3 Qxb2 10. Bc5+ d6 11. Na4 Qxa1 12. Qxa1 dxc5 13. Nf7 Nb4 14. Qxe5+ Kd7 15. Qe6# 0-1

[Event "MEX ol U14 Girls"]
[Site "?"]
[Date "2002.07.14"]
[Round "2"]
[White "Martinez Castro Haydee Paulin"]
[Black "Nistal Dominguez Maria"]
[Result "1-0"]
[WhiteElo "1500"]
[BlackElo "1250"]
[PlyCount "49"]
[EventDate "2002.??.??"]
[Source "www.chesslib.no"]
[SourceDate "2004.05.04"]

1. e4 e5 2. Nf3 Nc6 3. Bc4 Nf6 4. Ng5 Rg8 5. Bxf7+ Ke7 6. Bxg8 h6 7. d3 d6 8. Nc3 g6 9. Bc4 Bg4 10. Nf3 Nd4 11. Be3 Nxf3+ 12. gxf3 Bh5 13. Qe2 Qd7 14. h4 c6 15. d4 d5 16. dxe5 dxe4 17. exf6+ Kxf6 18. Nxe4+ Ke7 19. Bd2 Kd8 20. O-O-O Bg7 21. Ba5+ Kc8 22. Rxd7 Kxd7 23. Rd1+ Kc8 24. Be6+ Kb8 25. Rd8# 1-0

[Event "Molde"]
[Site "?"]
[Date "2004.07.07"]
[Round "6"]
[White "Briseid Håkon"]
[Black "Lode Steinar"]
[Result "0-1"]
[WhiteElo "1336"]
[BlackElo "1409"]
[PlyCount "24"]
[EventDate "2004.??.??"]
[Source "www.chesslib.no"]
[SourceDate "2004.05.04"]

1. e4 e5 2. Nf3 Nc6 3. Bc4 Nf6 4. Ng5 Nxe4 5. Nxf7 Qh4 6. Qf3 Nd4 7. Qh3 Qxf2+ 8. Kd1 d5 9. Qh5 Qxg2 10. Nxh8+ g6 11. Qxe5+ Be6 12. Rf1 Qg4+ 0-1

[Event "FRA-chT 0102 U18"]
[Site "?"]
[Date "2001.11.25"]
[Round "3.9"]
[White "Klipper Noemie"]
[Black "Tessedre Romain"]
[Result "1-0"]
[WhiteElo "1310"]
[BlackElo "1410"]
[PlyCount "127"]
[EventDate "2001.??.??"]
[Source "www.chesslib.no"]
[SourceDate "2004.05.04"]

1. e4 e5 2. Nf3 Nc6 3. Bc4 Nf6 4. Ng5 d5 5. exd5 Nxd5 6. d3 Bc5 7. Qf3 O-O 8. Bxd5 Be6 9. Nxe6 fxe6 10. Bxe6+ Kh8 11. Qh3 Qf6 12. f3 Nd4 13. Bb3 Rae8 14. Nc3 c6 15. Bd2 b5 16. O-O-O a5 17. a3 b4 18. Ne4 Qe7 19. a4 Nxb3+ 20. cxb3 Bd4 21. Kb1 Qf7 22. Ka2 c5 23. Rc1 Rc8 24. Rc4 Rc6 25. Re1 Rfc8 26. Be3 Bxe3 27. Rxe3 R8c7 28. Re2 Kg8 29. Ng5 Qg6 30. Rxe5 Rc8 31. Ne4 Rd8 32. Nxc5 Re8 33. Rxe8+ Qxe8 34. Ne4 Rxc4 35. bxc4 Qd8 36. Qe6+ Kf8 37. Qd6+ Qxd6 38. Nxd6 Ke7 39. Nb7 Kd7 40. Nxa5 Kc7 41. Kb3 Kb6 42. Kxb4 Ka6 43. c5 Ka7 44. c6 Kb8 45. d4 Kc7 46. d5 Kd6 47. Kb5 Kc7 48. Kc5 h5 49. d6+ Kc8 50. Kb6 Kd8 51. d7 g5 52. Nb7+ Ke7 53. d8=Q+ Ke6 54. Qd7+ Ke5 55. Qd3 Kf6 56. Qe4 h4 57. g3 h3 58. g4 Kg7 59. Qf5 Kh6 60. c7 Kg7 61. c8=R Kh6 62. Qf6+ Kh7 63. Rc7+ Kg8 64. Qd8# 1-0

[Event "Corr"]
[Site "?"]
[Date "1999.07.24"]
[Round "?"]
[White "Howie Andrew"]
[Black "Hakuc Waclaw"]
[Result "0-1"]
[WhiteElo "919"]
[BlackElo "1801"]
[PlyCount "32"]
[EventDate "1999.??.??"]
[Source "www.chesslib.no"]
[SourceDate "2004.05.04"]

1. e4 e5 2. Nf3 Nc6 3. Bc4 Nf6 4. Ng5 d5 5. exd5 Nxd5 6. d3 f6 7. Ne4 Bf5 8. Nec3 Nxc3 9. Nxc3 Qd7 10. O-O Bg4 11. Qe1 Nd4 12. Bb3 Nf3+ 13. gxf3 Bxf3 14. Ba4 c6 15. Ne4 Qh3 16. Ng3 Qg2# 0-1

[Event "FRA Ch U10 Girls"]
[Site "?"]
[Date "2002.??.??"]
[Round "4.6"]
[White "Klipper Noemie"]
[Black "Canut Melissandre"]
[Result "0-1"]
[WhiteElo "1480"]
[BlackElo "1230"]
[PlyCount "110"]
[EventDate "2002.??.??"]
[Source "www.chesslib.no"]
[SourceDate "2004.05.04"]

1. e4 e5 2. Nf3 Nc6 3. Bc4 Nf6 4. Ng5 Qe7 5. Nxf7 Rg8 6. Ng5 d6 7. Bxg8 Nxg8 8. Nf3 Bg4 9. Nc3 Nd4 10. d3 O-O-O 11. Be3 Bxf3 12. gxf3 Qf6 13. Bxd4 exd4 14. Nd5 Qe5 15. Qd2 Ne7 16. Nxe7+ Bxe7 17. O-O-O Bg5 18. Qxg5 Qxg5+ 19. Rd2 Qg2 20. Re1 Qxf3 21. h4 h5 22. Rg1 Rg8 23. b3 Qf4 24. Rh1 g5 25. Rh3 Qg4 26. Rh1 Qg2 27. Rdd1 Qxf2 28. hxg5 Rxg5 29. Rd2 Qf4 30. Rhh2 h4 31. Kb2 Rh5 32. c3 dxc3+ 33. Kxc3 h3 34. a3 Qe5+ 35. Kc2 Qc5+ 36. Kb2 Qd4+ 37. Kc2 Qe3 38. b4 c6 39. Rde2 Qf3 40. Ref2 Qg3 41. Rd2 Kc7 42. Kc3 Qe5+ 43. Kc2 d5 44. exd5 Qxd5 45. Kb2 Qd4+ 46. Kc2 b6 47. Kb3 Qd5+ 48. Kb2 Qd4+ 49. Kb3 Qe3 50. Kc2 Qd4 51. Kb3 Kb7 52. Ka4 Qd5 53. Rb2 Qxd3 54. Ra2 Ka6 55. b5+ Qxb5# 0-1

[Event "Corr"]
[Site "?"]
[Date "2004.05.25"]
[Round "?"]
[White "Harper Roy"]
[Black "Nikolic Dejan"]
[Result "1-0"]
[WhiteElo "1430"]
[BlackElo "1165"]
[PlyCount "53"]
[EventDate "2004.??.??"]
[Source "www.chesslib.no"]
[SourceDate "2004.05.04"]

1. e4 e5 2. Nf3 Nc6 3. Bc4 Nf6 4. Ng5 d5 5. exd5 Nxd5 6. Qh5 g6 7. Qf3 Qxg5 8. Bxd5 Nd4 9. Qxf7+ Kd8 10. Be4 Be6 11. Qxe6 Nxe6 12. Bxb7 Rb8 13. Be4 Bc5 14. Nc3 Bxf2+ 15. Kxf2 Rf8+ 16. Ke1 Qf6 17. Kd1 Nd4 18. Re1 c6 19. d3 Kc7 20. Na4 Rbd8 21. Bd2 Kb8 22. c3 Ne6 23. Kc2 Qe7 24. Rf1 Rxf1 25. Rxf1 Rf8 26. Rxf8+ Qxf8 27. Bxc6 1-0

[Event "GRE-ch U10 Girls"]
[Site "?"]
[Date "2001.04.09"]
[Round "4"]
[White "Pavlidou Aikaterini"]
[Black "Tsarouha Marianthi"]
[Result "1-0"]
[WhiteElo "1255"]
[BlackElo "1335"]
[PlyCount "67"]
[EventDate "2001.??.??"]
[Source "www.chesslib.no"]
[SourceDate "2004.05.04"]

1. e4 e5 2. Nf3 Nc6 3. Bc4 Nf6 4. Ng5 Qe7 5. O-O d5 6. exd5 Nxd5 7. Bxd5 Qxg5 8. Bxc6+ bxc6 9. d4 Qf5 10. dxe5 Be7 11. Qd4 c5 12. Qc3 O-O 13. b3 f6 14. Bb2 fxe5 15. Qxe5 Qf7 16. c4 Bd6 17. Qd5 Be6 18. Qe4 Rae8 19. Qc6 Bd7 20. Qd5 Be6 21. Qd2 Rd8 22. Qc3 Bf4 23. Na3 Rd2 24. Rad1 Rfd8 25. Rxd2 Rxd2 26. g3 Bh6 27. b4 cxb4 28. Qxb4 Bd7 29. Nb1 Re2 30. Ba3 Rxa2 31. Nd2 Rxd2 32. h3 Bxh3 33. Qb8+ Qf8 34. Qxf8# 1-0

[Event "POR-ch (Women)"]
[Site "?"]
[Date "2002.07.26"]
[Round "7.8"]
[White "Jardim Ana Rita"]
[Black "Meireles Ana"]
[Result "1-0"]
[WhiteElo "1456"]
[BlackElo "1130"]
[PlyCount "41"]
[EventDate "2002.??.??"]
[Source "www.chesslib.no"]
[SourceDate "2004.05.04"]

1. e4 e5 2. Nf3 Nc6 3. Bc4 Nf6 4. Ng5 Ng4 5. Qxg4 Be7 6. Nxf7 d5 7. Qxg7 Qd7 8. Qxh8+ Kxf7 9. Qxh7+ Ke6 10. Bxd5+ Kd6 11. Qh6+ Kc5 12. Qe3+ Nd4 13. c3 Qg4 14. cxd4+ exd4 15. b4+ Kxb4 16. Ba3+ Kb5 17. Qd3+ Ka4 18. Qxd4+ Ka5 19. Bxe7 Bd7 20. Qb4+ Ka6 21. Bxb7# 1-0

[Event "Steinfurt"]
[Site "?"]
[Date "2003.10.11"]
[Round "2.5"]
[White "Raus Christina"]
[Black "Tietz Hans Joachim"]
[Result "0-1"]
[WhiteElo "1003"]
[BlackElo "1578"]
[PlyCount "86"]
[EventDate "2003.??.??"]
[Source "www.chesslib.no"]
[SourceDate "2004.05.04"]

1. e4 e5 2. Nf3 Nc6 3. Bc4 Nf6 4. Ng5 d5 5. exd5 Nxd5 6. d3 f6 7. Nf3 Na5 8. Bb3 Nxb3 9. axb3 Bc5 10. d4 exd4 11. Nxd4 O-O 12. O-O c6 13. c3 Bd7 14. b4 Bb6 15. h3 Bxd4 16. Qxd4 Be6 17. Re1 Bf7 18. Bd2 a6 19. c4 Qb6 20. Qxb6 Nxb6 21. c5 Nd5 22. Bc3 Rfe8 23. Na3 Rad8 24. Nc4 Nxc3 25. bxc3 Bxc4 26. Rxe8+ Rxe8 27. Kh2 Kf7 28. Rd1 Re7 29. g3 Be6 30. h4 Rd7 31. Rxd7+ Bxd7 32. Kg2 Ke6 33. Kf3 Kd5 34. Ke3 Kc4 35. Kd2 Bg4 36. f4 h5 37. Kc2 Bf5+ 38. Kd2 Bd3 39. Ke3 Kxc3 40. Kf3 Bf5 41. Ke3 g6 42. Kf3 Kxb4 43. Ke3 Kxc5 0-1

[Event "Corr"]
[Site "?"]
[Date "2002.03.05"]
[Round "?"]
[White "Howie Andrew"]
[Black "Landowski Wieslaw"]
[Result "0-1"]
[WhiteElo "1297"]
[BlackElo "1270"]
[PlyCount "30"]
[EventDate "2002.??.??"]
[Source "www.chesslib.no"]
[SourceDate "2004.05.04"]

1. e4 e5 2. Nf3 Nc6 3. Bc4 Nf6 4. Ng5 d5 5. exd5 h6 6. dxc6 hxg5 7. cxb7 Bxb7 8. Bb5+ c6 9. Ba4 Bc5 10. Nc3 Qd4 11. O-O Rxh2 12. Ne2 Rh1+ 13. Kxh1 Qh4+ 14. Kg1 Ng4 15. Re1 Bxf2+ 0-1

[Event "Steinfurt"]
[Site "?"]
[Date "2004.11.27"]
[Round "4.4"]
[White "Schneider Karl Heinz"]
[Black "Bakker David"]
[Result "0-1"]
[WhiteElo "1388"]
[BlackElo "1168"]
[PlyCount "90"]
[EventDate "2004.??.??"]
[Source "www.chesslib.no"]
[SourceDate "2004.05.04"]

1. e4 e5 2. Nf3 Nc6 3. Bc4 Nf6 4. Ng5 d5 5. exd5 Nxd5 6. d3 Bc5 7. O-O O-O 8. a3 Nf6 9. b4 Bb6 10. h3 e4 11. Nxe4 Nxe4 12. dxe4 Qxd1 13. Rxd1 Be6 14. Be2 Rfd8 15. Bb2 Rxd1+ 16. Bxd1 Rd8 17. Be2 Nd4 18. Bxd4 Bxd4 19. c3 Be5 20. Kf1 f5 21. f3 fxe4 22. fxe4 Rf8+ 23. Ke1 Bg3+ 24. Kd1 Bb3+ 25. Kc1 Rf2 26. Kd2 Bc4 27. Ke3 Rxe2+ 28. Kf3 Be5 29. a4 Re1 30. Nd2 Rxa1 31. Nxc4 Bxc3 32. Ne3 Rxa4 33. g4 Bxb4 34. e5 Ra3 35. Ke4 Rxe3+ 36. Kxe3 Kf7 37. Ke4 Ke6 38. h4 Bc3 39. Kf4 Bxe5+ 40. Kg5 Bf6+ 41. Kh5 g6+ 42. Kh6 Bxh4 43. Kxh7 Ke5 44. Kxg6 Kf4 45. Kh5 Kg3 0-1

[Event "Duisburg"]
[Site "?"]
[Date "2005.03.18"]
[Round "7.24"]
[White "Sapmaz Gueney Alp"]
[Black "Pak Aleksander"]
[Result "1-0"]
[WhiteElo "1333"]
[BlackElo "1218"]
[PlyCount "72"]
[EventDate "2005.??.??"]
[Source "www.chesslib.no"]
[SourceDate "2004.05.04"]

1. e4 e5 2. Nf3 Nc6 3. Bc4 Nf6 4. Ng5 d5 5. exd5 Nxd5 6. Qf3 Be6 7. Nxe6 fxe6 8. c3 g6 9. Bxd5 exd5 10. Qe2 a6 11. O-O Bg7 12. d4 Qe7 13. dxe5 Bxe5 14. Re1 O-O-O 15. f4 Bd6 16. Qg4+ Qd7 17. Qxd7+ Kxd7 18. Bd2 Rhf8 19. g3 h5 20. b4 h4 21. Na3 b5 22. Nc2 Rb8 23. Be3 a5 24. a3 Rg8 25. Rad1 Ne7 26. Rf1 Rh8 27. Rfe1 Nf5 28. g4 Nh6 29. h3 Bxf4 30. Bf2 c6 31. Bxh4 Rbf8 32. Bf2 Ng8 33. Kg2 Nf6 34. Bd4 Ne4 35. Bxh8 Nxc3 36. Rd4 Rf7 1-0

[Event "SJRP-ch U14 Girls"]
[Site "?"]
[Date "2001.04.17"]
[Round "1"]
[White "Reiske Anne"]
[Black "Molitor Lisa"]
[Result "1-0"]
[WhiteElo "1395"]
[BlackElo "1144"]
[PlyCount "79"]
[EventDate "2001.??.??"]
[Source "www.chesslib.no"]
[SourceDate "2004.05.04"]

1. e4 e5 2. Nf3 Nc6 3. Bc4 Nf6 4. Ng5 Qe7 5. Nxf7 Rg8 6. Ng5 Rh8 7. Nc3 h6 8. Nf3 d6 9. d3 Be6 10. Bb5 Qd7 11. d4 exd4 12. Nxd4 a6 13. Ba4 b5 14. Ncxb5 Kd8 15. Nc3 Nxe4 16. Nxc6+ Kc8 17. Na7+ Rxa7 18. Bxd7+ Kxd7 19. Nxe4 d5 20. Be3 Rb7 21. Rb1 Rb4 22. Nc3 Kd6 23. a3 Rg4 24. Nxd5 Rc4 25. Nb6+ Ke7 26. Nxc4 Bxc4 27. Bc5+ Ke8 28. Qh5+ g6 29. Qxg6+ Kd8 30. Qf6+ Kd7 31. Rd1+ Kc8 32. Qxh8 Kb7 33. Qxf8 Bb5 34. c4 Ba4 35. b3 Bc6 36. O-O a5 37. Rd8 a4 38. b4 Ka6 39. Ra8+ Kb7 40. Qb8# 1-0